[Event "Muensterland Verbandsklasse-A 0708"]
[Site "Germany"]
[Date "2008.02.16"]
[Round "6.6"]
[White "Essmann, Peter"]
[Black "Schmieja, Gregor"]
[Result "1/2-1/2"]
[WhiteElo "1141"]
[BlackElo "1338"]
[PlyCount "20"]
[EventDate "2007.09.22"]
[EventType "team-tourn"]
[EventRounds "9"]
[EventCountry "GER"]
[SourceTitle "EXT 2009"]
[Source "ChessBase"]
[SourceDate "2008.11.26"]
[SourceVersion "1"]
[SourceVersionDate "2008.11.26"]
[SourceQuality "1"]
[WhiteTeam "Heiden II"]
[BlackTeam "Raesfeld Erle"]
[WhiteTeamCountry "GER"]
[BlackTeamCountry "GER"]

1. d4 d5 2. c4 c6 3. Nc3 Nf6 4. Bg5 e6 5. e3 Bb4 6. Qc2 Nbd7 7. Nf3 h6 8. Bxf6 Nxf6 9. Nd2 0-0 10. cxd5 cxd5 1/2-1/2